| 000 | 00694cam a2200217 4500500 | ||
|---|---|---|---|
| 005 | 20260405002846.0 | ||
| 041 | _afre | ||
| 042 | _adc | ||
| 100 | 1 | 0 |
_aLacroix, Alexandre _eauthor |
| 245 | 0 | 0 | _aTimothy Morton : “Nous ne sommes pas à la fin des temps mais au commencement” |
| 260 | _c2019. | ||
| 500 | _a57 | ||
| 690 | _aBjörk | ||
| 690 | _aHyperobjet | ||
| 690 | _aMétaphysique | ||
| 690 | _aNouveau réalisme | ||
| 690 | _aÓlafur Eliasson | ||
| 690 | _aTimothy Morton | ||
| 786 | 0 | _nPhilosophie magazine | 126 | 2 | 2019-02-01 | p. 25-27 | 1951-1787 | |
| 856 | 4 | 1 | _uhttps://shs.cairn.info/magazine-philosophie-magazine-2019-2-page-25?lang=fr&redirect-ssocas=7080 |
| 999 |
_c2061824 _d2061824 |
||